| 000 | 00626nam a22001817a 4500 | ||
|---|---|---|---|
| 999 |
_c62849 _d62849 |
||
| 003 | Ge_BSU | ||
| 005 | 20250310115119.0 | ||
| 008 | 250310s1955 ge ||||| |||| 00| 0 geo d | ||
| 041 | _ageo | ||
| 080 | _a611 თ-52 | ||
| 100 |
_aთვალაძე, გ. _924497 |
||
| 245 |
_aადამიანის ანატომია. ნაწ. 2 / _cგ. თვალაძე. |
||
| 264 |
_aთბილისი : _bსაქმედგამი, _c1955. |
||
| 300 |
_a380 გვ. ; _b24 სმ. |
||
| 653 | _aადამიანის ანატომია | ||
| 653 | _aმედიცინა | ||
| 942 |
_2udc _cBK |
||